Random Facts Quiz - Statistics

General Stats
  • This quiz has been taken 484 times
    467 since last reset
  • The average score is 3 of 10
Answer Stats
Question Answer % Correct
Which planet is not named after a god? Earth
83%
Which kings in a deck of cards have mustaches? Hearts
62%
What is the only mammal that can fly? Bat
51%
What is the only food that doesn't expire? Honey
42%
What is the common name in the world? Mohammed
29%
What is the only word that ends in -mt? Dreamt
22%
What is 111,111,111 squared? 12,345,678,987,654,321
18%
Doing this burns less calories than sleeping. Watching TV
13%
What occupation was Charlie Brown's father? Barber
4%
What is the longest word that can be typed with only the left side of a standard QWERTY keyboard? Stewardesses
4%
No matching quizzes found
Score Distribution
Percent of People with Each Score
Percentile by Number Answered
Your Score History
You have not taken this quiz since the last reset